000 00693nam a2200205Ia 4500
003 GCL
008 140319s9999 xx 000 0 ara d
040 _aGCL /
_cGCL
082 0 4 _a530.2
_bب ر
100 1 _aسيد رمضان هدارة (مراجع)
245 1 0 _aرموز الكون: الفيزياء الكمية كلغة للطبيعة /
_cسيد رمضان هدارة (مراجع)
700 1 _aباجلز، هينز
700 1 _aمحمد عبدالله البيومى
260 _a[S.N] :
_bالدار الدولية للنشر والتوزيع ،
_c1989
300 _a447ص
490 _a
650 0 4 _aالفيزياء
650 0 4 _aعلم الطبيعة
942 _2ddc
_cBK
999 _c30388
_d30388